000 00554nam a2200205Ia 4500
005 20260429112100.0
008 260429s9999||||xx |||||||||||||| ||und||
020 _a9788126938964
041 _aEnglish
082 _a005.133
_bSIN
100 _aSingh, Kanwarjit
245 0 _aPolitical philosophy of the Sikh gurus /
_cKanwarjit Singh
250 _a1st ed.
260 _aNew Delhi :
_bAtlantic Publishers and Distributors,
_c2025.
300 _aviii, 153 p.; hb
650 _a Philosophy
650 _a Politics
650 _aSikh
942 _cTB
999 _c52258
_d52258